000 00624nam a2200217Ia 4500
003 0100
008 130307s9999 xx 000 0 und d
020 _a0195146506 (cloth : alk. paper)
040 _cARRUPELIB
050 _aDS119.76 .G67 2002
100 _aGopin, Marc
245 _aHoly war, holy peace : how religion can bring peace to the Middle East / Marc Gopin.
260 _aAuckland ; New York, N.Y. :
260 _bOxford University Press
260 _c2002.
300 _aviii
300 _b269 p. 24 cm.
650 _bJesuits in Canada-History
650 _cQuebec (Canada)-History
942 0 0 _01
999 _c92926
_d92926